Women's Gymnastics - U.S. Olympic and World All-Around Medalists - Statistics

General Stats
  • This quiz has been taken 86 times
    7 since last reset
  • The average score is 29 of 39
Answer Stats
Competition Medal Gymnast % Correct
2013 Worlds: Antwerp Gold Simone Biles
100%
2014 Worlds: Nanning Gold Simone Biles
100%
2015 Worlds: Glasgow Gold Simone Biles
100%
2016 Olympics: Rio de Janeiro Gold Simone Biles
100%
2018 Worlds: Doha Gold Simone Biles
100%
2019 Worlds: Stuttgart Gold Simone Biles
100%
2023 Worlds: Antwerp Gold Simone Biles
100%
2024 Olympics: Paris Gold Simone Biles
100%
2003 Worlds: Anaheim Silver Carly Patterson
83%
2004 Olympics: Athens Gold Carly Patterson
83%
2012 Olympics: London Gold Gabby Douglas
83%
2015 Worlds: Glasgow Silver Gabby Douglas
83%
1984 Olympics: Los Angeles Gold Mary Lou Retton
83%
2005 Worlds: Melbourne Silver Nastia Liukin
83%
2008 Olympics: Beijing Gold Nastia Liukin
83%
2007 Worlds: Stuttgart Gold Shawn Johnson
83%
2008 Olympics: Beijing Silver Shawn Johnson
83%
2020ne Olympics: Tokyo Gold Sunisa Lee
83%
2024 Olympics: Paris Bronze Sunisa Lee
83%
2016 Olympics: Rio de Janeiro Silver Aly Raisman
67%
2009 Worlds: London Gold Bridget Sloan
67%
2011 Worlds: Tokyo Gold Jordyn Wieber
67%
2013 Worlds: Antwerp Silver Kyla Ross
67%
2014 Worlds: Nanning Bronze Kyla Ross
67%
2009 Worlds: London Silver Rebecca Bross
67%
2010 Worlds: Rotterdam Bronze Rebecca Bross
67%
1992 Olympics: Barcelona Silver Shannon Miller
67%
1993 Worlds: Birmingham Gold Shannon Miller
67%
1994 Worlds: Brisbane Gold Shannon Miller
67%
2005 Worlds: Melbourne Gold Chellsie Memmel
50%
2021 Worlds: Kitakyushu Bronze Kayla DiCello
50%
1991 Worlds: Indianapolis Gold Kim Zmeskal
50%
2021 Worlds: Kitakyushu Silver Leanne Wong
50%
2025 Worlds: Jakarta Silver Leanne Wong
50%
2017 Worlds: Montreal Gold Morgan Hurd
50%
2018 Worlds: Doha Bronze Morgan Hurd
50%
2022 Worlds: Liverpool Silver Shilese Jones
50%
2006 Worlds: Aarhus Silver Jana Bieger
33%
2023 Worlds: Antwerp Bronze Shilese Jones
33%
No matching quizzes found
Score Distribution
Percent of People with Each Score
Percentile by Number Answered
Your Score History
You have not taken this quiz since the last reset